| 000 | 00716nam a22002057a 4500 | ||
|---|---|---|---|
| 003 | OSt | ||
| 005 | 20251202154952.0 | ||
| 008 | 251202b |||||||| |||| 00| 0 eng d | ||
| 020 | _a0-7619-6141-0 | ||
| 040 |
_aDWC-Main lib _cOC |
||
| 082 | _aCirc. 370.7 F853 2003 | ||
| 100 | _aFreebody, P. | ||
| 245 |
_aQualitative research in education : _binteraction and practice _cFreebody, Peter |
||
| 260 |
_aLondon : _bSage Publications, Ltd., _cc2003 |
||
| 300 |
_axiii, 234 pages ; _c23 cm. |
||
| 504 | _aIncludes bibliographical references and index | ||
| 650 | _2Education - Research | ||
| 650 | _2Qualitative research | ||
| 942 |
_2ddc _cBK-CIRC _hCirc. 370.7 F853 2003 _kCirc. _n0 |
||
| 999 |
_c6722 _d6722 |
||